000 00879nam a2200265 i 4500
001 177553
003 ES-MaACL
005 20250717142012.0
007 t|
008 110401s1975 sp r ||||1| spa d
020 _a84-312-0203-3
080 _a94(460)"1936/1939"(093.3)
080 _a355.354(430)
100 1 _aGarriga, Ramón.
_955740
245 1 3 _aLa Legión Cóndor /
_cRamón Garriga.
260 _aMadrid :
_bG. del Toro,
_ccop. 1975.
300 _a303 p. ;
_c21 cm.
490 1 _aMemorias de la guerra civil española 1936-39 ;
_v23
500 _aÍndice.
610 1 4 _aAlemania.
_bLuftwaffe.
_bLegión Cóndor.
_9145937
651 4 _aEspaña-
_xHistoria-
_y1936-1939, Guerra civil-
_vRelatos personales.
_98326
830 0 0 _aMemorias de la guerra civil española 1936-39
_v23
_9181851
852 _aES-MaACL
_jE-14768
_xOlim P-1031
999 _c177553
_d177553